[Event "Stay Safe Play From Home 295"]
[Site "Emanuel Lasker Arena"]
[Date "2020.07.12"]
[Round "4"]
[White "Haxhi Baha"]
[Black "Broken sword"]
[Result "0-1"]
[WhiteElo "1977"]
[BlackElo "2498"]
[Annotator "TA"]
[PlyCount "108"]
[EventDate "2020.07.12"]
[EventType "swiss (blitz)"]

{[%evp 9,108,7,7,-32,-7,-50,-12,-7,-1,-39,-39,-31,-27,-46,-33,-44,-34,-47,-8,-42,-17,-84,-79,-91,-90,-91,-70,-76,-47,-49,-57,-57,-20,-27,-16,-26,-18,-93,-85,-177,-143,-189,272,268,279,150,150,162,258,210,333,325,402,312,467,454,591,587,581,575,706,614,789,788,823,630,751,0,997,906,971,873,29977,29978,29994,1978,4775,2293,29986,29987,29986,29985,29986,29987,29987,29987,29989,29990,29991,29990,29990,29991,29993,29993,29995,29995,29996,29994,29996,29995,29996]} 1. e4 c5 2. Nf3 e6 3. d4 a6 4. a4 cxd4 5. Nxd4 d5 6. e5 {B41: Sicilian: Kan Variation: 5 c4.} (6. exd5 {seems wilder.} Qxd5 7. Nc3 Bb4 8. Qd2 Qe5+ 9. Be2) 6... Nc6 {[#]} 7. f4 $146 ({Predecessor:} 7. Nxc6 bxc6 8. c4 d4 9. Bd3 Qa5+ 10. Bd2 Qxe5+ 11. Qe2 Bd6 12. Qxe5 Bxe5 13. c5 {1-0 (32) Naffin,E (1117)-Poitz,M Dortmund 2003}) 7... Nxd4 8. Qxd4 {The position is equal.} Ne7 9. Nc3 Nc6 10. Qf2 Bb4 $36 {[%mdl 2048] [#] Threatens to win with ...d4. Black fights for an advantage.} 11. Bd2 Qe7 12. Bd3 Bc5 13. Qf3 g6 14. h4 h5 (14... Nd4 $5 {[%cal Rd4f3]} 15. Qh3 h5 $11) 15. g4 (15. Ne2 $11) 15... hxg4 $17 16. Qxg4 Bd7 17. h5 gxh5 (17... O-O-O {feels hotter.} 18. O-O-O gxh5 19. Rxh5 Nb4 20. Be2 Rhg8) 18. Rxh5 Rxh5 19. Qxh5 O-O-O 20. O-O-O Rg8 21. Qh7 Qf8 {[#] And now ...Rh8 would win.} 22. Rh1 Kb8 23. a5 (23. Ne2 $11) 23... Bb4 24. f5 (24. Kb1 $17 {might work better.}) 24... Bxa5 ({Don't take} 24... Nxe5 25. Bf4 $17) 25. fxe6 fxe6 $4 {[%mdl 8192]} (25... Bxe6 $19 {and life is good for Black. aiming for ...Qd8.} 26. Kb1 Qd8) 26. Qxd7 $18 Qe8 27. Rh7 (27. Qxe8+ $18 Rxe8 28. Bf4) 27... Qxd7 $16 28. Rxd7 Re8 (28... Bc7 $142 29. Rh7 Rg1+ 30. Nd1 Bxe5) 29. Bf4 Bxc3 (29... Bc7 $142 30. Rh7 Bxe5) 30. bxc3 $18 Kc8 31. Rf7 Nd8 (31... Re7 {was called for.}) 32. Rg7 Rf8 33. Bg5 Nc6 34. Bf6 Re8 35. Be2 Rh8 36. Bg4 Re8 37. Bh5 Rh8 38. Bg4 $2 (38. Bf7 $18) 38... d4 $2 {[%mdl 8192]} (38... Re8 $11 39. Rg8 {[%mdl 64] Deflection, Decoy} Rxg8 40. Bxe6+ {[%mdl 64] Double Attack} Kc7 41. Bxg8 d4) 39. Bxe6+ Kb8 40. Bd5 Na5 41. cxd4 Rd8 42. c4 (42. Bxd8 $142 Nc6 43. Bb6 Ka8 44. e6 a5 45. e7 Nb8 46. e8=Q a4 47. Bxb7#) 42... Rc8 43. Kd2 Nxc4+ 44. Bxc4 {White mates.} Rxc4 {[%mdl 4096] Endgame KRB-KR} 45. Kd3 Rc1 46. e6 Rd1+ 47. Kc4 Re1 48. Kd5 Ka7 49. Rg8 a5 50. e7 Rf1 51. e8=Q Rf5+ 52. Ke6 Rh5 53. Be5 Ka6 54. Kd5 Rxe5+ {[%mdl 32768] Accuracy: White = 58%, Black = 43%. . Loss on time!?} 0-1

[Event "Stay Safe Play From Home 295"]
[Site "Emanuel Lasker Arena"]
[Date "2020.07.12"]
[Round "4"]
[White "Cirovicz"]
[Black "Mamba2001de"]
[Result "1-0"]
[WhiteElo "1905"]
[BlackElo "1472"]
[Annotator "NA"]
[PlyCount "65"]
[EventDate "2020.07.12"]
[EventType "swiss (blitz)"]

1. e4 {[%emt 0:00:01]} e6 {[%emt 0:00:01]} 2. d4 {[%emt 0:00:01]} d5 {[%emt 0:00:01]} 3. Nc3 {[%emt 0:00:01]} c5 {[%emt 0:00:01]} 4. e5 {[%emt 0:00:01]} c4 {[%emt 0:00:01]} 5. f4 {[%emt 0:00:02]} a6 {[%emt 0:00:01]} 6. Nf3 {[%emt 0:00:01]} b5 {[%emt 0:00:01]} 7. a4 {[%emt 0:00:01]} b4 {[%emt 0:00:01]} 8. Ne2 {[%emt 0:00:01]} Nc6 {[%emt 0:00:01]} 9. c3 {[%emt 0:00:01]} a5 {[%emt 0:00:02]} 10. cxb4 {[%emt 0:00:01]} axb4 {[%emt 0:00:01]} 11. b3 {[%emt 0:00:00]} c3 {[%emt 0:00:01]} 12. Be3 {[%emt 0:00:02]} Be7 {[%emt 0:00:02]} 13. Ng3 {[%emt 0:00:01]} Nh6 {[%emt 0:00:01]} 14. Bb5 {[%emt 0:00:00]} Bd7 {[%emt 0:00:02]} 15. f5 {[%emt 0:00:01]} Nxf5 {[%emt 0:00:02]} 16. Nxf5 {[%emt 0:00:02]} exf5 {[%emt 0:00:01]} 17. Bxc6 {[%emt 0:00:01]} Bxc6 {[%emt 0:00:01]} 18. Qd3 {[%emt 0:00:01]} g6 {[%emt 0:00:02]} 19. O-O {[%emt 0:00:02]} h5 {[%emt 0:00:05]} 20. h4 {[%emt 0:00:01]} Rg8 {[%emt 0:00:02]} 21. Ng5 {[%emt 0:00:01]} Bxg5 {[%emt 0:00:02]} 22. Bxg5 {[%emt 0:00:02]} Qb6 {[%emt 0:00:01]} 23. Qe3 {[%emt 0:00:01]} Bd7 {[%emt 0:00:05]} 24. Rac1 {[%emt 0:00:02]} Be6 {[%emt 0:00:01]} 25. Rc2 {[%emt 0:00:01]} Qa6 {[%emt 0:00:02]} 26. Bf6 {[%emt 0:00:02]} Qc6 {[%emt 0:00:02]} 27. Qh6 {[%emt 0:00:01]} Qb6 {[%emt 0:00:07]} 28. Qh7 {[%emt 0:00:01]} Kd7 {[%emt 0:00:04]} 29. Qh6 {[%emt 0:00:01]} Qxd4+ {[%emt 0:00:02]} 30. Rff2 {[%emt 0:00:02]} Qxh4 {[%emt 0:00:01]} 31. Qe3 {[%emt 0:00:02]} Qg4 {[%emt 0:00:02]} 32. Qb6 {[%emt 0:00:04]} Rac8 {[%emt 0:00:02]} 33. Qd6+ {[%emt 0:00:02] Zeit (Lag: Av=0.59s, max=1.0s)} 1-0

[Event "Stay Safe Play From Home 295"]
[Site "Emanuel Lasker Arena"]
[Date "2020.07.12"]
[Round "4"]
[White "Patzeroglu"]
[Black "Klasman"]
[Result "1-0"]
[WhiteElo "1814"]
[BlackElo "1377"]
[Annotator "NA"]
[PlyCount "37"]
[EventDate "2020.07.12"]
[EventType "swiss (blitz)"]

1. e4 {[%emt 0:00:01]} f5 {[%emt 0:00:02]} 2. exf5 {[%emt 0:00:02]} Nf6 {[%emt 0:00:02]} 3. Nc3 {[%emt 0:00:01]} d5 {[%emt 0:00:01]} 4. Nf3 {[%emt 0:00:01]} d4 {[%emt 0:00:01]} 5. Nb5 {[%emt 0:00:02]} c5 {[%emt 0:00:06]} 6. Bc4 {[%emt 0:00:00]} a6 {[%emt 0:00:02]} 7. Na3 {[%emt 0:00:03]} Bxf5 {[%emt 0:00:02]} 8. c3 {[%emt 0:00:05]} b5 {[%emt 0:00:01]} 9. Be2 {[%emt 0:00:02]} d3 {[%emt 0:00:01]} 10. Bf1 {[%emt 0:00:01]} Nc6 {[%emt 0:00:07]} 11. Nh4 {[%emt 0:00:01]} Bg6 {[%emt 0:00:04]} 12. Nxg6 {[%emt 0:00:03]} hxg6 {[%emt 0:00:01]} 13. Qf3 {[%emt 0:00:01]} Qc7 {[%emt 0:00:08]} 14. Qxd3 {[%emt 0:00:04]} c4 {[%emt 0:00:07]} 15. Qg3 {[%emt 0:00:01]} e5 {[%emt 0:00:07]} 16. d4 {[%emt 0:00:01]} cxd3 {[%emt 0:00:04]} 17. Bxd3 {[%emt 0:00:01]} Bd6 {[%emt 0:00:01]} 18. Bxb5 {[%emt 0:00:00]} e4 {[%emt 0:00:03]} 19. Qxg6+ {[%emt 0:00:04] Time (Lag: Av=1.62s, max=3.6s)} 1-0

[Event "Stay Safe Play From Home 295"]
[Site "Emanuel Lasker Arena"]
[Date "2020.07.12"]
[Round "4"]
[White "W Nelles"]
[Black "Justwatch"]
[Result "0-1"]
[WhiteElo "1075"]
[BlackElo "1607"]
[Annotator "NA"]
[PlyCount "62"]
[EventDate "2020.07.12"]
[EventType "swiss (blitz)"]

1. e4 {[%emt 0:00:02]} Nf6 {[%emt 0:00:01]} 2. Nf3 {[%emt 0:00:01]} Nxe4 {[%emt 0:00:01]} 3. d3 {[%emt 0:00:01]} Nc6 {[%emt 0:00:01]} 4. Bf4 {[%emt 0:00:01]} g6 {[%emt 0:00:00]} 5. dxe4 {[%emt 0:00:02]} Bg7 {[%emt 0:00:01]} 6. Nc3 {[%emt 0:00:01]} O-O {[%emt 0:00:00]} 7. Bc4 {[%emt 0:00:01]} d6 {[%emt 0:00:00]} 8. Ng5 {[%emt 0:00:02]} e5 {[%emt 0:00:00]} 9. Bxf7+ {[%emt 0:00:02]} Rxf7 {[%emt 0:00:01]} 10. Nxf7 {[%emt 0:00:01]} Kxf7 {[%emt 0:00:00]} 11. Bg3 {[%emt 0:00:01]} Nd4 {[%emt 0:00:02]} 12. O-O {[%emt 0:00:02]} Qg5 {[%emt 0:00:02]} 13. Nd5 {[%emt 0:00:03]} Qd8 {[%emt 0:00:02]} 14. c3 {[%emt 0:00:02]} Ne6 {[%emt 0:00:03]} 15. Qf3+ {[%emt 0:00:02]} Kg8 {[%emt 0:00:01]} 16. Rad1 {[%emt 0:00:04]} Bd7 {[%emt 0:00:01]} 17. b4 {[%emt 0:00:03]} Bc6 {[%emt 0:00:02]} 18. b5 {[%emt 0:00:03]} Bxd5 {[%emt 0:00:01]} 19. exd5 {[%emt 0:00:01]} Ng5 {[%emt 0:00:01]} 20. Qg4 {[%emt 0:00:02]} Qe7 {[%emt 0:00:03]} 21. h4 {[%emt 0:00:01]} Nf7 {[%emt 0:00:02]} 22. Rd3 {[%emt 0:00:02]} Nh6 {[%emt 0:00:01]} 23. Qh3 {[%emt 0:00:02]} Nf5 {[%emt 0:00:01]} 24. Rf3 {[%emt 0:00:02]} e4 {[%emt 0:00:01]} 25. Re1 {[%emt 0:00:02]} Qf6 {[%emt 0:00:02]} 26. Rxf5 {[%emt 0:00:02]} g5 {[%emt 0:00:01]} 27. Rxg5 {[%emt 0:00:02]} Qxc3 {[%emt 0:00:02]} 28. Rf1 {[%emt 0:00:02]} Rf8 {[%emt 0:00:02]} 29. Qe6+ {[%emt 0:00:02]} Kh8 {[%emt 0:00:02]} 30. Qe7 {[%emt 0:00:02]} Rg8 {[%emt 0:00:04]} 31. h5 {[%emt 0:00:03]} Bf6 {[%emt 0:00:03] Zeit (Lag: Av=0.65s, max=1.0s)} 0-1

[Event "Stay Safe Play From Home 295"]
[Site "Emanuel Lasker Arena"]
[Date "2020.07.12"]
[Round "5"]
[White "Broken sword"]
[Black "SoulofWolf"]
[Result "1-0"]
[WhiteElo "2500"]
[BlackElo "2230"]
[Annotator "TA"]
[PlyCount "125"]
[EventDate "2020.07.12"]
[EventType "swiss (blitz)"]

{[%evp 9,125,56,58,52,89,85,115,54,54,27,24,8,20,13,18,27,50,43,65,56,95,0,0,3,64,65,78,76,84,24,51,46,54,37,35,-22,106,63,44,44,54,43,27,0,0,0,0,-203,0,0,0,-46,0,0,18,0,0,0,15,0,0,0,63,71,112,62,95,87,87,65,125,122,107,118,111,77,78,85,817,129,149,116,129,117,157,135,157,143,164,155,190,107,183,70,367,0,169,107,284,301,263,244,416,415,561,539,12843,12843,29989,29990,29990,29990,29991,29992,29992,29993,29993,29993]} 1. e4 e6 2. d4 Ne7 3. Nd2 d5 4. c3 Nd7 5. Bd3 {[#]} dxe4 $146 ({Predecessor:} 5... c5 6. e5 g6 7. Ngf3 Bg7 8. O-O O-O 9. Re1 Rb8 10. Nf1 Nc6 11. Ne3 cxd4 12. cxd4 {1-0 (58) Petrik,T (2451)-Polak,T (2493) Brno 2005}) 6. Nxe4 {C03: French Tarrasch: Unusual Black 3rd moves.} Ng6 7. Nf3 Be7 8. O-O (8. h4 $16) 8... O-O $14 9. Bc2 b6 10. Re1 Bb7 11. Qe2 Rc8 12. Be3 a5 13. Rad1 Re8 14. Bc1 Nf6 {[#]} 15. a3 (15. Neg5 $1 $16) 15... Nxe4 $11 16. Bxe4 c6 (16... Bxe4 $11 17. Qxe4 Qd5) 17. g3 $14 Qc7 18. h4 Bd6 19. Kg2 (19. h5 $16 Nf8 20. h6) 19... f5 20. Bd3 h6 21. h5 Nf8 22. Ba6 (22. Kh3 $14) 22... c5 (22... Bxa6 $11 {keeps the balance.} 23. Qxa6 f4) 23. Bxb7 Qxb7 24. dxc5 Bxc5 25. Bf4 Nh7 26. Be5 Ng5 27. Bf4 Ne4 28. Rd3 $2 {[#]} (28. Qb5 $11 {and White stays safe.}) 28... Red8 $2 ({Don't play} 28... Bxf2 29. Red1 $17) (28... Nxf2 $19 {aiming for ...e5.} 29. Rd2 b5) 29. Red1 $11 Rxd3 30. Rxd3 Re8 31. Be3 Be7 32. Bd4 Ng5 33. Kg1 Nxf3+ 34. Qxf3 Qxf3 35. Rxf3 {[%mdl 4096] Endgame KRB-KRB} Kf7 (35... b5 $11) 36. Bxb6 $14 a4 37. Ba5 Ra8 38. Bb4 Bf6 39. Rd3 Ra7 (39... Rd8 $14 40. Rxd8 Bxd8) 40. Kg2 g6 41. hxg6+ Kxg6 42. f4 Kf7 43. Kf3 Bd8 $2 {[%mdl 8192]} (43... h5 $16) 44. Rd6 $2 (44. Rxd8 $18 {and the rest is easy.} Rc7 45. Ra8) 44... Be7 45. Rc6 Bf6 46. Rb6 Bg7 47. Rb5 Bf6 48. Bc5 Ra6 49. Ke3 Kg6 50. Kd3 ({White should try} 50. Bd4 $18) 50... h5 (50... e5 $16 {might work better.}) 51. Bd4 (51. Be3 $18) 51... Be7 $2 {[%mdl 8192]} ({Black should play} 51... Rd6 $14) 52. Bc5 (52. c4 $142) 52... Bf6 $1 $18 53. Rb4 (53. Be3 $18) 53... h4 $2 (53... e5 $16) 54. gxh4 Bxh4 55. Bd4 Bg3 $2 (55... Be7 56. Rb7 Bf6) 56. Ke3 Bh2 57. Kf3 Ra7 58. Bxa7 Bg3 59. Kxg3 {White mates.} Kf6 60. Kf3 e5 61. Rb6+ Ke7 62. fxe5 Kd7 63. Rd6+ {Accuracy: White = 62%, Black = 45%.} 1-0

[Event "Stay Safe Play From Home 295"]
[Site "Emanuel Lasker Arena"]
[Date "2020.07.12"]
[Round "5"]
[White "Mepe_Nika"]
[Black "Haxhi Baha"]
[Result "0-1"]
[WhiteElo "2393"]
[BlackElo "1976"]
[Annotator "TA"]
[PlyCount "104"]
[EventDate "2020.07.12"]
[EventType "swiss (blitz)"]

{[%evp 11,104,80,97,84,106,106,126,123,229,27,35,-18,-12,-738,-11,-798,-791,-910,-909,-910,-902,-962,-975,-1133,-1013,-987,-991,-1381,-1365,-1305,-1300,-1590,-1539,-1952,-1926,-29986,-29987,-29988,-29989,-29989,-29990,-29990,-29991,-29993,-29990,-29990,-29991,-29991,-29992,-29992,-29993,-29993,-29986,-29986,-29987,-29987,-29988,-29988,-12835,-12835,-12835,-12835,-12835,-12838,-12834,-12831,-12833,-12830,-12830,-12836,-12836,-12836,-12836,-12837,-12836,-12836,-12835,-12841,-12839,-12839,-12839,-12843,-12843,-29992,-29993,-29994,-29994,-29994,-29995,-29995,-29996,-29996,-29996,-29998,-29998]} 1. d4 d5 2. c4 e5 3. dxe5 d4 4. Nf3 Nc6 5. g3 Bg4 6. Bg2 Qd7 7. h3 {D09: Albin Counter Gambit: Main line with 5 g3.} Bf5 8. Nbd2 Nge7 9. Nb3 {White is better.} O-O-O {[#]} (9... Ng6 $16) 10. Bg5 $146 ({White should play} 10. g4 $18) ({Predecessor:} 10. g4 Be6 11. Nc5 Qe8 12. Qa4 Ng6 13. Nxb7 Ncxe5 14. Qa6 Qc6 15. Qxc6 Nxc6 16. Nxd8 Kxd8 {1-0 (40) Galuska,J (2108)-Novak,P (1934) Tabor 2010}) 10... h6 $11 11. Bxe7 (11. Nc5 $14 Qe8 12. Bxe7 (12. Qb3 Na5 $15) 12... Bxe7 13. Nd3) 11... Bxe7 12. Qd2 $2 {[%mdl 8192] Black keeps a firm grip on the game.} (12. Nc1 $11) 12... Qe6 $2 (12... Bb4 $19 13. Qxb4 Nxb4) 13. Rc1 $2 {[%mdl 8192]} (13. Nfxd4 $11 Nxd4 14. Nxd4 Qxe5 15. O-O-O) 13... Bb4 $19 14. g4 Bxd2+ 15. Nfxd2 Bg6 16. Bxc6 Qxc6 17. O-O Rhe8 18. f4 f5 19. Nf3 fxg4 20. hxg4 h5 21. f5 hxg4 22. Nfxd4 Qe4 {[%mdl 64] Double Attack} 23. fxg6 Rxd4 24. Nxd4 Qxd4+ {[%mdl 64] Double Attack} 25. Kg2 Qe4+ 26. Kg3 Qxe5+ 27. Kxg4 Re6 28. Rf8+ {[#]} Kd7 $1 29. Rd1+ {[#]} Kc6 $1 30. Rd5 Rxg6+ 31. Kf3 Rg3+ 32. Kf2 Qe3+ 33. Ke1 Rg1+ 34. Rf1 Rxf1+ (34... Qg3+ $142 35. Kd2 Rxf1 36. e3 Rf2+ 37. Kd3 Rxb2 38. Rf5 Rxa2 39. Ke4 Ra3 40. Rf3 Qg4+ 41. Rf4 Qe6+ {[%mdl 64] Double Attack} 42. Kf3 Qxe3+ 43. Kg2 Qxf4 44. Kh1 Qf1+ 45. Kh2 Rh3#) 35. Kxf1 {[%mdl 4096] Endgame KQ-KR} Qc1+ 36. Kf2 Qxc4 37. Rf5 Qh4+ 38. Ke3 Qh3+ 39. Rf3 Qe6+ {[%mdl 64] Double Attack} 40. Kd2 g5 41. Rc3+ Kd7 42. Rd3+ Kc8 43. Re3 Qd6+ 44. Kc2 Qf4 45. Rf3 Qc4+ 46. Kb1 Qxe2 {[%cal Re2d1]} 47. b3 Qxf3 {Black mates.} 48. a4 g4 49. Kb2 g3 50. a5 g2 51. a6 g1=Q 52. b4 bxa6 {Accuracy: White = 39%, Black = 61%.} 0-1

[Event "Stay Safe Play From Home 295"]
[Site "Emanuel Lasker Arena"]
[Date "2020.07.12"]
[Round "5"]
[White "Physikus"]
[Black "W Nelles"]
[Result "1-0"]
[WhiteElo "2052"]
[BlackElo "1073"]
[PlyCount "35"]
[EventDate "2020.07.12"]
[EventType "swiss (blitz)"]

1. e4 {[%emt 0:00:04]} e5 {[%emt 0:00:01]} 2. Nf3 {[%emt 0:00:01]} Nc6 {[%emt 0:00:02]} 3. Nc3 {[%emt 0:00:00]} d6 {[%emt 0:00:01]} 4. Bc4 {[%emt 0:00:01]} Be6 {[%emt 0:00:01]} 5. Qe2 {[%emt 0:00:02]} Bxc4 {[%emt 0:00:02]} 6. Qxc4 {[%emt 0:00:00]} Nf6 {[%emt 0:00:01]} 7. d4 {[%emt 0:00:01]} d5 {[%emt 0:00:02]} 8. exd5 {[%emt 0:00:01]} Nxd5 {[%emt 0:00:02]} 9. Nxd5 {[%emt 0:00:01]} exd4 {[%emt 0:00:01]} 10. O-O {[%emt 0:00:02]} Bd6 {[%emt 0:00:02]} 11. Re1+ {[%emt 0:00:01]} Kf8 {[%emt 0:00:01]} 12. Nxd4 {[%emt 0:00:03]} Nxd4 {[%emt 0:00:02]} 13. Qxd4 {[%emt 0:00:00]} c5 {[%emt 0:00:02]} 14. Qe4 {[%emt 0:00:02]} Qg5 {[%emt 0:00:03]} 15. Bxg5 {[%emt 0:00:01]} h6 {[%emt 0:00:04]} 16. Bf4 {[%emt 0:00:02]} Bxf4 {[%emt 0:00:01]} 17. Nxf4 {[%emt 0:00:00]} Re8 {[%emt 0:00:01]} 18. Qxe8# {[%emt 0:00:02] (Lag: Av=0.54s, max=0.7s)} 1-0

[Event "Stay Safe Play From Home 295"]
[Site "Emanuel Lasker Arena"]
[Date "2020.07.12"]
[Round "5"]
[White "Bardellosport"]
[Black "Patzeroglu"]
[Result "1-0"]
[WhiteElo "1995"]
[BlackElo "1817"]
[PlyCount "89"]
[EventDate "2020.07.12"]
[EventType "swiss (blitz)"]

1. d4 {[%emt 0:00:01]} c5 {[%emt 0:00:00]} 2. e3 {[%emt 0:00:00]} e6 {[%emt 0:00:01]} 3. c3 {[%emt 0:00:00]} Nf6 {[%emt 0:00:00]} 4. f4 {[%emt 0:00:00]} Be7 {[%emt 0:00:00]} 5. Nf3 {[%emt 0:00:00]} O-O {[%emt 0:00:00]} 6. Bd3 {[%emt 0:00:00]} b6 {[%emt 0:00:00]} 7. Qe2 {[%emt 0:00:00]} Bb7 {[%emt 0:00:01]} 8. O-O {[%emt 0:00:01]} d5 {[%emt 0:00:01]} 9. Nbd2 {[%emt 0:00:01]} Nbd7 {[%emt 0:00:01]} 10. Ne5 {[%emt 0:00:01]} a6 {[%emt 0:00:03]} 11. Rf3 {[%emt 0:00:01]} Ne4 {[%emt 0:00:03]} 12. Rh3 {[%emt 0:00:01]} g6 {[%emt 0:00:04]} 13. g4 {[%emt 0:00:01]} f5 {[%emt 0:00:04]} 14. g5 {[%emt 0:00:01]} Nxe5 {[%emt 0:00:02]} 15. dxe5 {[%emt 0:00:01]} b5 {[%emt 0:00:01]} 16. b3 {[%emt 0:00:02]} c4 {[%emt 0:00:02]} 17. bxc4 {[%emt 0:00:01]} dxc4 {[%emt 0:00:01]} 18. Bxe4 {[%emt 0:00:01]} Bxe4 {[%emt 0:00:03]} 19. Nxe4 {[%emt 0:00:01]} fxe4 {[%emt 0:00:00]} 20. Rg3 {[%emt 0:00:03]} Qd3 {[%emt 0:00:00]} 21. Rg2 {[%emt 0:00:01]} Rad8 {[%emt 0:00:02]} 22. Bb2 {[%emt 0:00:01]} Bc5 {[%emt 0:00:01]} 23. Re1 {[%emt 0:00:02]} Rxf4 {[%emt 0:00:02]} 24. Qxd3 {[%emt 0:00:01]} exd3 {[%emt 0:00:04]} 25. Kh1 {[%emt 0:00:02]} Re4 {[%emt 0:00:01]} 26. Bc1 {[%emt 0:00:02]} Rf8 {[%emt 0:00:01]} 27. Bd2 {[%emt 0:00:00]} Rf3 {[%emt 0:00:01]} 28. Rg3 {[%emt 0:00:01]} Rxg3 {[%emt 0:00:01]} 29. hxg3 {[%emt 0:00:00]} Rg4 {[%emt 0:00:03]} 30. Kg2 {[%emt 0:00:01]} Rxg5 {[%emt 0:00:01]} 31. Kf3 {[%emt 0:00:00]} Rxe5 {[%emt 0:00:01]} 32. e4 {[%emt 0:00:02]} Rh5 {[%emt 0:00:01]} 33. g4 {[%emt 0:00:03]} Rh2 {[%emt 0:00:01]} 34. Rd1 {[%emt 0:00:01]} Re2 {[%emt 0:00:00]} 35. Kf4 {[%emt 0:00:02]} Bd6+ {[%emt 0:00:03]} 36. Kf3 {[%emt 0:00:01]} Kg7 {[%emt 0:00:03]} 37. e5 {[%emt 0:00:01]} Bxe5 {[%emt 0:00:01]} 38. g5 {[%emt 0:00:01]} Rxd2 {[%emt 0:00:01]} 39. Rxd2 {[%emt 0:00:01]} Bxc3 {[%emt 0:00:00]} 40. Rd1 {[%emt 0:00:00]} Ba5 {[%emt 0:00:01]} 41. Ke4 {[%emt 0:00:00]} Bb6 {[%emt 0:00:01]} 42. Ke5 {[%emt 0:00:00]} Be3 {[%emt 0:00:01]} 43. Kxe6 {[%emt 0:00:01]} c3 {[%emt 0:00:01]} 44. Kd5 {[%emt 0:00:00]} c2 {[%emt 0:00:00]} 45. Rxd3 {[%emt 0:00:00] Time (Lag: Av=1.01s, max=1.6s)} 1-0

[Event "Stay Safe Play From Home 295"]
[Site "Emanuel Lasker Arena"]
[Date "2020.07.12"]
[Round "5"]
[White "Parth11"]
[Black "Cirovicz"]
[Result "0-1"]
[WhiteElo "1411"]
[BlackElo "1908"]
[Annotator "NA"]
[PlyCount "116"]
[EventDate "2020.07.12"]
[EventType "swiss (blitz)"]

1. e4 {[%emt 0:00:11]} e5 {[%emt 0:00:01]} 2. Nf3 {[%emt 0:00:00]} Nc6 {[%emt 0:00:01]} 3. d3 {[%emt 0:00:00]} d6 {[%emt 0:00:01]} 4. c3 {[%emt 0:00:00]} Bg4 {[%emt 0:00:01]} 5. Be3 {[%emt 0:00:00]} f5 {[%emt 0:00:01]} 6. h3 {[%emt 0:00:01]} fxe4 {[%emt 0:00:02]} 7. hxg4 {[%emt 0:00:02]} exf3 {[%emt 0:00:01]} 8. Qxf3 {[%emt 0:00:00]} Qf6 {[%emt 0:00:01]} 9. Qd5 {[%emt 0:00:03]} Nge7 {[%emt 0:00:02]} 10. Qb5 {[%emt 0:00:02]} O-O-O {[%emt 0:00:02]} 11. Na3 {[%emt 0:00:01]} Kd7 {[%emt 0:00:05]} 12. Nc4 {[%emt 0:00:01]} a6 {[%emt 0:00:03]} 13. Qxb7 {[%emt 0:00:01]} Rb8 {[%emt 0:00:01]} 14. Qxa6 {[%emt 0:00:01]} Nd5 {[%emt 0:00:03]} 15. g3 {[%emt 0:00:04]} e4 {[%emt 0:00:01]} 16. Bg2 {[%emt 0:00:01]} Nxc3 {[%emt 0:00:02]} 17. bxc3 {[%emt 0:00:06]} Qxc3+ {[%emt 0:00:02]} 18. Ke2 {[%emt 0:00:00]} Qxd3+ {[%emt 0:00:01]} 19. Ke1 {[%emt 0:00:00]} d5 {[%emt 0:00:01]} 20. Qxc6+ {[%emt 0:00:03]} Kxc6 {[%emt 0:00:01]} 21. Ne5+ {[%emt 0:00:00]} Kd6 {[%emt 0:00:01]} 22. Nxd3 {[%emt 0:00:00]} exd3 {[%emt 0:00:01]} 23. Kd2 {[%emt 0:00:00]} c5 {[%emt 0:00:01]} 24. Kxd3 {[%emt 0:00:00]} c4+ {[%emt 0:00:01]} 25. Kc3 {[%emt 0:00:01]} Be7 {[%emt 0:00:01]} 26. Bf4+ {[%emt 0:00:00]} Kc6 {[%emt 0:00:01]} 27. Bxb8 {[%emt 0:00:00]} Bf6+ {[%emt 0:00:01]} 28. Kc2 {[%emt 0:00:01]} Bxa1 {[%emt 0:00:00]} 29. Rxa1 {[%emt 0:00:02]} Rxb8 {[%emt 0:00:01]} 30. Rd1 {[%emt 0:00:00]} Rb5 {[%emt 0:00:01]} 31. a4 {[%emt 0:00:02]} Ra5 {[%emt 0:00:01]} 32. Kc3 {[%emt 0:00:00]} Kd6 {[%emt 0:00:02]} 33. Bf1 {[%emt 0:00:04]} Rxa4 {[%emt 0:00:01]} 34. Bg2 {[%emt 0:00:01]} Ra3+ {[%emt 0:00:01]} 35. Kd4 {[%emt 0:00:01]} Ra2 {[%emt 0:00:02]} 36. Bxd5 {[%emt 0:00:00]} Rxf2 {[%emt 0:00:01]} 37. Kxc4 {[%emt 0:00:00]} h5 {[%emt 0:00:02]} 38. Be4+ {[%emt 0:00:00]} Ke5 {[%emt 0:00:01]} 39. Bf5 {[%emt 0:00:00]} hxg4 {[%emt 0:00:01]} 40. Bxg4 {[%emt 0:00:00]} g5 {[%emt 0:00:00]} 41. Rd5+ {[%emt 0:00:01]} Ke4 {[%emt 0:00:01]} 42. Rf5 {[%emt 0:00:00]} Rxf5 {[%emt 0:00:02]} 43. Bxf5+ {[%emt 0:00:00]} Kxf5 {[%emt 0:00:00]} 44. Kd3 {[%emt 0:00:00]} Kg4 {[%emt 0:00:00]} 45. Ke2 {[%emt 0:00:00]} Kxg3 {[%emt 0:00:00]} 46. Kf1 {[%emt 0:00:00]} Kh2 {[%emt 0:00:01]} 47. Kf2 {[%emt 0:00:00]} g4 {[%emt 0:00:00]} 48. Ke3 {[%emt 0:00:01]} g3 {[%emt 0:00:00]} 49. Kf4 {[%emt 0:00:00]} g2 {[%emt 0:00:00]} 50. Kf5 {[%emt 0:00:00]} g1=Q {[%emt 0:00:00]} 51. Kf6 {[%emt 0:00:00]} Qc5 {[%emt 0:00:01]} 52. Kf7 {[%emt 0:00:00]} Kg3 {[%emt 0:00:00]} 53. Ke8 {[%emt 0:00:01]} Qd6 {[%emt 0:00:01]} 54. Kf7 {[%emt 0:00:01]} Kg4 {[%emt 0:00:00]} 55. Kg8 {[%emt 0:00:00]} Kg5 {[%emt 0:00:00]} 56. Kh7 {[%emt 0:00:00]} Kf6 {[%emt 0:00:01]} 57. Kh8 {[%emt 0:00:00]} Qe7 {[%emt 0:00:01]} 58. Kg8 {[%emt 0:00:00]} Qg7# {[%emt 0:00:01] (Lag: Av=1.00s, max=1.5s)} 0-1

[Event "Stay Safe Play From Home 295"]
[Site "Emanuel Lasker Arena"]
[Date "2020.07.12"]
[Round "5"]
[White "Klasman"]
[Black "Mamba2001de"]
[Result "0-1"]
[WhiteElo "1375"]
[BlackElo "1469"]
[Annotator "NA"]
[PlyCount "36"]
[EventDate "2020.07.12"]
[EventType "swiss (blitz)"]

1. f4 {[%emt 0:00:03]} e6 {[%emt 0:00:01]} 2. e4 {[%emt 0:00:01]} d5 {[%emt 0:00:02]} 3. e5 {[%emt 0:00:01]} c5 {[%emt 0:00:01]} 4. c4 {[%emt 0:00:01]} Nc6 {[%emt 0:00:01]} 5. cxd5 {[%emt 0:00:02]} exd5 {[%emt 0:00:01]} 6. Nc3 {[%emt 0:00:01]} Be6 {[%emt 0:00:01]} 7. Nf3 {[%emt 0:00:05]} g6 {[%emt 0:00:01]} 8. d4 {[%emt 0:00:01]} Bg7 {[%emt 0:00:01]} 9. dxc5 {[%emt 0:00:02]} Qa5 {[%emt 0:00:01]} 10. Be3 {[%emt 0:00:05]} O-O-O {[%emt 0:00:03]} 11. Bd3 {[%emt 0:00:09]} d4 {[%emt 0:00:01]} 12. Bxd4 {[%emt 0:00:07]} Nxd4 {[%emt 0:00:01]} 13. O-O {[%emt 0:00:07]} Nxf3+ {[%emt 0:00:02]} 14. Rxf3 {[%emt 0:00:01]} Nh6 {[%emt 0:00:04]} 15. c6 {[%emt 0:00:06]} Bg4 {[%emt 0:00:03]} 16. cxb7+ {[%emt 0:00:02]} Kxb7 {[%emt 0:00:01]} 17. Be4+ {[%emt 0:00:02]} Kb8 {[%emt 0:00:01]} 18. Qb3+ {[%emt 0:00:03]} Qb6+ {[%emt 0:00:03] Time (Lag: Av=0.49s, max=0.9s)} 0-1